00934nam a22001937a 450000500170000000800410001704000120005804100080007004400070007811000580008524501530014326000830029630000450037950400420042465000660046665000660053265000560059865000860065420141127092210.0141127b2006 ck Il. |r|||| 00| 0 spa d cCo-BoIH aspa ack2 aCorporación Autónoma Regional de Cundinamarca-CAR aPRAE Proyectos Ambientales Escolares :bExperiencias significativas en la jurisdicción de la Corporación Autónoma Regional de Cundinamarca CAR aBogotá D.C :bCorporación Autónoma Regional de Cundinamarca-CARc[2006?] a87 pagbIl., fot (col.) c28 cm.eCD-rom aIncluye referencias bibliográficas  4aProyectos ambientales escolareszCundinamarca (Dpt. Colombia) aProtección del medio ambientezCundinamarca (Dpt. Colombia) 4aEducación ambientalzCundinamarca (Dpt. Colombia) 4aProyectos ambientales escolares vEstudio de casos.zCundinamarca (Dpt. Colombia)